[Event "Botvinnik Cup 2018"]
[Site "Moscow"]
[Date "2018.08.11"]
[Round "3"]
[White "Atakishiyev, Elmar"]
[Black "Vaganian, Rafael A"]
[Result "1/2-1/2"]
[WhiteElo "2198"]
[BlackElo "2546"]
[Annotator "TA"]
[PlyCount "154"]
[EventDate "2018.08.10"]
[EventCountry "RUS"]
[SourceTitle "playchess.com"]
[Source "ChessBase"]
[SourceQuality "1"]

{[%evp 11,154,27,29,11,25,0,0,0,0,0,12,12,12,12,12,14,14,0,-4,-26,-10,-29,0,1,0,0,8,-4,0,0,0,0,18,-16,0,4,0,0,0,0,14,-18,-6,-6,0,0,0,0,0,0,0,0,0,0,0,0,0,0,0,0,0,0,0,0,0,0,0,0,0,0,0,0,0,0,0,0,0,0,0,0,0,0,0,0,0,0,0,0,0,0,0,0,0,0,0,0,0,0,0,0,0,0,0,0,0,0,0,0,0,0,0,0,0,0,0,0,0,0,0,0,0,0,0,0,0,0,0,0,0,0,0,0,0,0,0,0,0,0,0,0,0,0,0,0,0]} 1. e4 e6 2. d4 d5 3. Nd2 c5 4. Ngf3 cxd4 5. exd5 Qxd5 6. Bc4 Qd8 {LiveBook: 304 Games} 7. Qe2 {C07: French Tarrasch: 3...c5, 4 Ngf3 and 4 exd5 Qxd5} (7. Nb3 Qc7 8. Qxd4 Nc6 9. Qh4 Bd6 10. Bd2 Bd7 11. O-O-O Nge7 12. Kb1 O-O-O 13. Bc3 f6 14. Nfd2 Ne5 {½-½ (43) Adams,M (2701)-Predojevic,B (2630) Baden-Baden 2018}) 7... Nc6 8. Nb3 Bb4+ 9. Bd2 Bxd2+ 10. Qxd2 Nge7 $146 ({Predecessor:} 10... Nf6 11. O-O-O O-O 12. Nbxd4 Bd7 13. Nb3 Qb6 14. Qf4 Rad8 {1-0 (42) Rojicek,V (2450)-Maros,M (2368) Slovakia 2012}) 11. Nbxd4 Nxd4 12. Qxd4 Qxd4 13. Nxd4 a6 14. a4 Bd7 15. a5 Rc8 16. Bd3 Nc6 (16... e5 {keeps more tension.} 17. Nf3 f6 18. c3 Bc6 19. Nd2 Kf7) 17. Nxc6 {The position is equal.} Bxc6 18. f3 Ke7 19. Ke2 g5 20. c4 h5 21. b4 g4 22. Rab1 f5 23. b5 axb5 24. cxb5 Bd5 25. Rhc1 Kd6 26. b6 Rxc1 27. Rxc1 $11 {[%mdl 4096] Endgame KRB-KRB} Rg8 {White must now prevent ...gxf3+.} 28. Kf2 h4 29. a6 bxa6 30. Bxa6 gxf3 31. gxf3 h3 32. Bf1 Ra8 33. Bxh3 Ra2+ 34. Kg3 Rb2 35. Rc3 Rxb6 36. f4 Rb8 37. Kf2 Rb4 38. Kg3 e5 39. Bxf5 exf4+ 40. Kf2 Ke5 41. Bg6 Rb6 42. Bd3 Kd4 43. Ra3 Rb2+ 44. Kf1 Rxh2 {[#] Strongly threatening ...Rh3.} 45. Ba6 Rb2 46. Be2 Bb3 47. Ra8 Be6 48. Ra3 Ke5 49. Ra5+ Kf6 50. Ra6 Kf5 {[#] ...Rxe2 is the strong threat.} 51. Ra5+ Ke4 52. Ra3 Bd7 53. Bf3+ Ke5 54. Ra5+ Kf6 55. Kg1 Bb5 56. Ra7 Kg5 57. Rh7 Bd3 58. Rh5+ Kg6 59. Rc5 Kf6 60. Rd5 Bf5 61. Ra5 Rb4 62. Ra8 Kg5 63. Rg8+ Kh4 64. Kf2 Rb2+ 65. Kg1 Bh3 66. Rg7 Be6 67. Rg6 Bf5 68. Rg8 Rd2 69. Rg7 Ra2 70. Rg8 Rb2 71. Rg7 Rb6 72. Rg8 Bg6 73. Kf2 Rb2+ 74. Kg1 Kg3 {( -> ...Rb1+)} 75. Be4 f3 76. Rxg6+ Kf4 77. Bxf3 Ke5 {Precision: White = 80%, Black = 59%.} 1/2-1/2

[Event "Botvinnik Cup 2018"]
[Site "Moscow"]
[Date "2018.08.11"]
[Round "3"]
[White "Galkin, Gleb"]
[Black "Korotylev, Alexey"]
[Result "1-0"]
[WhiteElo "2134"]
[BlackElo "2573"]
[Annotator "ChessBase"]
[PlyCount "103"]
[EventDate "2018.08.10"]
[EventCountry "RUS"]
[SourceTitle "playchess.com"]
[Source "ChessBase"]
[SourceQuality "1"]
[TimeControl "5400+30"]

1. d4 {[%emt 0:00:00]} Nf6 {[%emt 0:00:00]} 2. Nf3 {[%emt 0:00:04]} c5 {[%emt 0:00:02]} 3. d5 {[%emt 0:02:56]} b5 {[%emt 0:00:15]} 4. e3 {[%emt 0:06:54]} Bb7 {[%emt 0:02:05]} 5. c4 {[%emt 0:01:27]} g6 {[%emt 0:06:06]} 6. Nc3 {[%emt 0:02:12]} b4 {[%emt 0:01:07]} 7. Ne2 {[%emt 0:01:01]} Bg7 {[%emt 0:00:47]} 8. Ng3 {[%emt 0:01:40]} O-O {[%emt 0:03:04]} 9. e4 {[%emt 0:04:49]} e6 {[%emt 0:00:58]} 10. Be2 {[%emt 0:02:02]} d6 {[%emt 0:01:25]} 11. O-O {[%emt 0:01:07]} exd5 {[%emt 0:00:07]} 12. exd5 {[%emt 0:00:29]} Nbd7 {[%emt 0:06:07]} 13. Bf4 {[%emt 0:06:18]} Qc7 {[%emt 0:01:24]} 14. Qd2 {[%emt 0:03:17]} Rfe8 {[%emt 0:01:50]} 15. Bd3 {[%emt 0:01:59]} Ng4 {[%emt 0:00:06]} 16. Ne4 {[%emt 0:06:04]} Nde5 {[%emt 0:00:37]} 17. Nxe5 {[%emt 0:01:30]} dxe5 {[%emt 0:00:26]} 18. Be3 {[%emt 0:03:48]} Nxe3 {[%emt 0:00:04]} 19. Qxe3 {[%emt 0:00:35]} Rac8 {[%emt 0:00:01]} 20. Rad1 {[%emt 0:06:34]} Red8 {[%emt 0:00:55]} 21. Bc2 {[%emt 0:05:42]} f5 {[%emt 0:00:12]} 22. Ng5 {[%emt 0:03:43]} Bh6 {[%emt 0:00:16]} 23. Qg3 {[%emt 0:01:17]} Bxg5 {[%emt 0:00:56]} 24. Qxg5 {[%emt 0:00:11]} Kh8 {[%emt 0:01:44]} 25. Qf6+ {[%emt 0:04:40]} Qg7 {[%emt 0:00:51]} 26. Qxg7+ {[%emt 0:00:08]} Kxg7 {[%emt 0:00:01]} 27. Rfe1 {[%emt 0:03:19]} Kf6 {[%emt 0:01:06]} 28. f4 {[%emt 0:04:26]} e4 {[%emt 0:00:24]} 29. g4 {[%emt 0:01:59]} Ke7 {[%emt 0:02:34]} 30. gxf5 {[%emt 0:03:01]} gxf5 {[%emt 0:00:04]} 31. Kf2 {[%emt 0:00:11]} Kd6 {[%emt 0:00:30]} 32. Rg1 {[%emt 0:01:18]} Rg8 {[%emt 0:00:14]} 33. Rg3 {[%emt 0:00:43]} Rg6 {[%emt 0:00:32]} 34. Rxg6+ {[%emt 0:01:55]} hxg6 {[%emt 0:00:02]} 35. Rg1 {[%emt 0:00:11]} Rg8 {[%emt 0:00:02]} 36. h4 {[%emt 0:01:20]} Ke7 {[%emt 0:00:58]} 37. h5 {[%emt 0:01:08]} Kf7 {[%emt 0:00:13]} 38. Ba4 {[%emt 0:04:32]} Rh8 {[%emt 0:00:36]} 39. hxg6+ Kg7 {[%emt 0:00:18]} 40. d6 {[%emt 0:03:54]} Rh2+ {[%emt 0:00:51]} 41. Kg3 {[%emt 0:03:49]} Rd2 {[%emt 0:00:04]} 42. d7 {[%emt 0:01:14]} e3 {[%emt 0:00:10]} 43. Rd1 {[%emt 0:01:53]} e2 {[%emt 0:00:23]} 44. Re1 {[%emt 0:00:29]} Kxg6 {[%emt 0:00:56]} 45. Rxe2 {[%emt 0:00:45]} Rd3+ {[%emt 0:00:25]} 46. Kf2 {[%emt 0:00:44]} Be4 {[%emt 0:00:11]} 47. Re3 {[%emt 0:02:41]} Rd2+ {[%emt 0:00:49]} 48. Ke1 {[%emt 0:00:42]} Rd4 {[%emt 0:01:04]} 49. Rh3 {[%emt 0:00:34]} Kg7 {[%emt 0:00:02]} 50. Rh2 {[%emt 0:00:49]} Bd3 {[%emt 0:00:29]} 51. Rd2 {[%emt 0:00:47]} Kf6 {[%emt 0:00:26]} 52. Bc2 {[%emt 0:00:33]} 1-0

[Event "Botvinnik Cup 2018"]
[Site "Moscow"]
[Date "2018.08.11"]
[Round "3"]
[White "Garifullina, Leya"]
[Black "Kovalev, Vladislav"]
[Result "1/2-1/2"]
[WhiteElo "2106"]
[BlackElo "2667"]
[Annotator "TA"]
[PlyCount "89"]
[EventDate "2018.08.10"]
[EventCountry "RUS"]
[SourceTitle "playchess.com"]
[Source "ChessBase"]
[SourceQuality "1"]

{[%evp 18,89,36,21,35,24,18,16,18,0,0,0,0,0,43,45,35,39,28,27,45,34,58,1,109,109,127,127,131,132,129,120,124,124,114,115,124,130,165,152,143,148,147,119,165,172,395,395,371,377,352,337,320,293,502,500,489,461,416,387,2391,2364,2268,2031,1656,0,0,0,0,0,0,0,0,0]} 1. e4 e5 2. Nf3 Nc6 3. Bc4 Nf6 4. d3 Bc5 5. c3 a6 6. a4 {C54: Giuoco Piano: 4 c3 Nf6, main lines with 5 d4 and 5 d3} d6 7. O-O Ba7 (7... O-O 8. Re1 h6 9. h3 Re8 10. Nbd2 Be6 11. b4 Bxc4 12. Nxc4 Ba7 13. Qc2 d5 14. Ne3 Bxe3 15. Bxe3 Qd7 {1-0 (44) Vachier Lagrave,M (2789)-Kramnik,V (2792) Paris 2018}) 8. Nbd2 {[%cal Bb1d2,Bd2f1,Bf1g3][%mdl 32]} h6 9. Re1 O-O 10. Nf1 {LiveBook: 12 Games} Re8 11. Ng3 Be6 12. Bxe6 Rxe6 13. d4 {Strongly threatening d5.} d5 $146 ({Predecessor:} 13... Re8 14. d5 Ng4 15. Re2 Ne7 {1-0 (39) Molner,M (2465)-Bryant,J (2437) chess.com INT 2018}) 14. Nxe5 Nxe5 15. dxe5 Rxe5 {[%cal Rf6e4]} 16. Bf4 Re6 {[%cal Rd5e4]} 17. e5 Nh7 18. Qf3 $36 {[%mdl 2048] White is pushing.} c6 19. Rad1 Ng5 20. Qd3 (20. Qg4 $14) 20... Rg6 (20... f6 $11) 21. Be3 $16 Ne6 22. Bxa7 Rxa7 23. Qe3 $1 {[%cal Re3a7]} Ra8 24. f4 $1 {[%cal Bf2f4,Bf4f5][%mdl 32]} Rg4 25. f5 Ng5 26. Rd4 Rxd4 27. cxd4 Qb6 28. h4 Ne4 29. Nxe4 dxe4 30. Qxe4 {[%mdl 4096] Endgame KQR-KQR} Rd8 31. e6 $1 {[%cal Re6f7]} fxe6 $2 (31... Qb3 32. Kh2 f6) 32. fxe6 $18 {Black must now prevent e7.} Re8 33. e7 {Hoping for Qe6+.} Qb3 34. Qg6 Qf7 35. Qd6 $1 Qd5 $2 {[#]} (35... Kh7 36. Qd7 Qd5 37. Qxd5 (37. Qxe8 Qxd4+ 38. Re3 Qxe3+ 39. Kh2 Qe5+ 40. g3 Qxb2+ 41. Kh3 Qb1 $11) 37... cxd5) 36. Qxd5+ $1 cxd5 {KR-KR} 37. Kf2 Kf7 38. Kf3 Rxe7 $2 (38... a5 39. Re5 b6 40. Rxd5 Rxe7) 39. Rxe7+ Kxe7 {KP-KP} 40. Kf4 Ke6 {[#]} 41. b4 $2 (41. h5 $1 $18 {Threatens to win with a5.} b6 42. b4) 41... g6 $11 {[%cal Bg7g6,Bg6g5][%mdl 32] The position is equal.} 42. g4 b6 43. h5 g5+ 44. Ke3 b5 45. a5 {Precision: White = 76%, Black = 45%.} 1/2-1/2

[Event "Botvinnik Cup 2018"]
[Site "Moscow"]
[Date "2018.08.11"]
[Round "3"]
[White "Rakhmatullaev, Almas"]
[Black "Komliakov, Viktor"]
[Result "1/2-1/2"]
[WhiteElo "1896"]
[BlackElo "2366"]
[Annotator "NA"]
[PlyCount "71"]
[EventDate "2018.08.10"]
[EventCountry "RUS"]
[SourceTitle "playchess.com"]
[Source "ChessBase"]
[SourceQuality "1"]
[TimeControl "5400+30"]

1. d4 {[%emt 0:00:00]} d6 {[%emt 0:00:05]} 2. c4 {[%emt 0:00:14]} e5 {[%emt 0:00:08]} 3. dxe5 {[%emt 0:03:47]} dxe5 {[%emt 0:00:13]} 4. Qxd8+ {[%emt 0:00:04]} Kxd8 {[%emt 0:00:02]} 5. Nc3 {[%emt 0:01:43]} Be6 {[%emt 0:00:29]} 6. b3 {[%emt 0:01:09]} Nc6 {[%emt 0:00:10]} 7. Bb2 {[%emt 0:00:05]} Nf6 {[%emt 0:00:14]} 8. e3 {[%emt 0:00:49]} a5 {[%emt 0:00:56]} 9. h3 {[%emt 0:02:32]} Nd7 {[%emt 0:02:03]} 10. O-O-O {[%emt 0:11:02]} Kc8 {[%emt 0:00:24]} 11. Na4 {[%emt 0:04:37]} Nc5 {[%emt 0:08:42]} 12. Nxc5 {[%emt 0:03:12]} Bxc5 {[%emt 0:00:14]} 13. Nf3 {[%emt 0:00:16]} f6 {[%emt 0:00:05]} 14. a3 {[%emt 0:02:18]} Nd8 {[%emt 0:08:18]} 15. Nd2 {[%emt 0:02:12]} Be7 {[%emt 0:00:29]} 16. Bd3 {[%emt 0:03:50]} Nf7 {[%emt 0:02:54]} 17. f4 {[%emt 0:04:59]} c6 {[%emt 0:01:54]} 18. f5 {[%emt 0:06:53]} Bd7 {[%emt 0:00:20]} 19. g4 {[%emt 0:00:02]} Kc7 {[%emt 0:00:58]} 20. Ne4 {[%emt 0:07:27]} b6 {[%emt 0:05:08]} 21. Kb1 {[%emt 0:02:07]} Rad8 {[%emt 0:01:40]} 22. c5 {[%emt 0:02:42]} Bxc5 {[%emt 0:02:06]} 23. Nxc5 {[%emt 0:02:15]} bxc5 {[%emt 0:00:31]} 24. Rc1 {[%emt 0:00:08]} Kb6 {[%emt 0:00:28]} 25. a4 {[%emt 0:01:02]} Nd6 {[%emt 0:01:01]} 26. Ba3 {[%emt 0:02:12]} Nb7 {[%emt 0:00:52]} 27. Rcd1 {[%emt 0:02:53]} Bc8 {[%emt 0:05:13]} 28. Kc2 {[%emt 0:05:47]} Nd6 {[%emt 0:01:31]} 29. Rd2 {[%emt 0:00:57]} Rd7 {[%emt 0:03:43]} 30. Bc4 {[%emt 0:02:03]} Nxc4 {[%emt 0:07:04]} 31. bxc4 {[%emt 0:03:26]} Rxd2+ {[%emt 0:00:12]} 32. Kxd2 {[%emt 0:00:01]} h5 {[%emt 0:00:07]} 33. Rb1+ {[%emt 0:00:59]} Kc7 {[%emt 0:00:06]} 34. Bxc5 {[%emt 0:00:11]} hxg4 {[%emt 0:00:05]} 35. hxg4 {[%emt 0:00:04]} Rh2+ {[%emt 0:02:10]} 36. Kc3 {[%emt 0:01:04]} 1/2-1/2

[Event "Botvinnik Cup 2018"]
[Site "Moscow"]
[Date "2018.08.11"]
[Round "3"]
[White "Naqopia, Giorgi"]
[Black "Khusnutdinov, Rustam"]
[Result "0-1"]
[WhiteElo "1857"]
[BlackElo "2470"]
[Annotator "ChessBase"]
[PlyCount "126"]
[EventDate "2018.08.10"]
[EventCountry "RUS"]
[SourceTitle "playchess.com"]
[Source "ChessBase"]
[SourceQuality "1"]
[TimeControl "5400+30"]

1. Nf3 {[%emt 0:02:49]} Nf6 {[%emt 0:00:05]} 2. g3 {[%emt 0:00:06]} c5 {[%emt 0:00:48]} 3. Bg2 {[%emt 0:00:07]} Nc6 {[%emt 0:00:04]} 4. O-O {[%emt 0:00:14]} g6 {[%emt 0:00:05]} 5. c4 {[%emt 0:00:48]} Bg7 {[%emt 0:00:06]} 6. Nc3 {[%emt 0:00:04]} O-O {[%emt 0:00:02]} 7. d4 {[%emt 0:02:06]} cxd4 {[%emt 0:00:02]} 8. Nxd4 {[%emt 0:00:08]} Qa5 {[%emt 0:00:02]} 9. Nc2 {[%emt 0:08:53]} d6 {[%emt 0:00:09]} 10. Rb1 {[%emt 0:02:32]} Qh5 {[%emt 0:05:01]} 11. Ne3 {[%emt 0:13:58]} Bh3 {[%emt 0:04:04]} 12. Ncd5 {[%emt 0:01:38]} Bxg2 {[%emt 0:01:11]} 13. Kxg2 {[%emt 0:00:06]} Nxd5 {[%emt 0:00:57]} 14. Nxd5 {[%emt 0:04:19]} Qf5 {[%emt 0:00:31]} 15. Qd3 {[%emt 0:03:29]} Qxd3 {[%emt 0:00:07]} 16. exd3 {[%emt 0:00:01]} e6 {[%emt 0:00:03]} 17. Nf4 {[%emt 0:00:47]} Rfb8 {[%emt 0:02:36]} 18. b3 {[%emt 0:04:07]} b5 {[%emt 0:01:41]} 19. Bb2 {[%emt 0:02:28]} a5 {[%emt 0:01:59]} 20. Rfd1 {[%emt 0:08:26]} Nd4 {[%emt 0:03:26]} 21. Bxd4 {[%emt 0:04:40]} Bxd4 {[%emt 0:00:02]} 22. Ne2 {[%emt 0:00:05]} Bf6 {[%emt 0:00:10]} 23. d4 {[%emt 0:02:51]} bxc4 {[%emt 0:08:20]} 24. bxc4 {[%emt 0:00:09]} Rb4 {[%emt 0:00:01]} 25. Rxb4 {[%emt 0:01:08]} axb4 {[%emt 0:00:01]} 26. Rd2 {[%emt 0:00:05]} Kf8 {[%emt 0:07:52]} 27. Rb2 {[%emt 0:12:18]} Ra4 {[%emt 0:00:41]} 28. f4 {[%emt 0:02:57]} Ke7 {[%emt 0:00:19]} 29. Kf2 {[%emt 0:00:06]} Kd7 {[%emt 0:01:58]} 30. Ke3 {[%emt 0:02:05]} Ra3+ {[%emt 0:00:09]} 31. Rb3 {[%emt 0:00:13]} Rxa2 {[%emt 0:00:01]} 32. Rxb4 {[%emt 0:00:05]} Ra3+ {[%emt 0:00:02]} 33. Kd2 {[%emt 0:00:22]} Kc7 {[%emt 0:00:04]} 34. Nc3 {[%emt 0:00:57]} Ra1 {[%emt 0:01:16]} 35. Kd3 {[%emt 0:00:58]} h5 {[%emt 0:06:16]} 36. Rb5 {[%emt 0:10:01]} h4 {[%emt 0:02:08]} 37. c5 {[%emt 0:03:57]} dxc5 {[%emt 0:03:19]} 38. Rxc5+ {[%emt 0:00:07]} Kd7 {[%emt 0:00:01]} 39. gxh4 {[%emt 0:04:45]} Bxh4 {[%emt 0:01:53]} 40. Rb5 {[%emt 0:03:11]} Ra7 {[%emt 0:03:07]} 41. d5 {[%emt 0:00:50]} Bd8 {[%emt 0:00:33]} 42. dxe6+ {[%emt 0:00:47]} Kxe6 {[%emt 0:00:01]} 43. Re5+ {[%emt 0:00:59]} Kf6 {[%emt 0:00:06]} 44. Nd5+ {[%emt 0:00:36]} Kg7 {[%emt 0:00:01]} 45. Re8 {[%emt 0:00:20]} Bf6 {[%emt 0:00:56]} 46. Nxf6 {[%emt 0:00:31]} Kxf6 {[%emt 0:00:01]} 47. Re2 {[%emt 0:00:39]} Kf5 {[%emt 0:00:16]} 48. Rf2 {[%emt 0:00:29]} Ra3+ {[%emt 0:00:50]} 49. Kd4 {[%emt 0:00:11]} Ra4+ {[%emt 0:00:01]} 50. Ke3 {[%emt 0:00:08]} Re4+ {[%emt 0:00:01]} 51. Kd3 {[%emt 0:00:39]} Rxf4 {[%emt 0:04:39]} 52. Ra2 {[%emt 0:00:15]} Kg4 {[%emt 0:00:39]} 53. Ke3 {[%emt 0:01:06]} Rf5 {[%emt 0:02:12]} 54. Rb2 {[%emt 0:00:47]} Kh3 {[%emt 0:00:13]} 55. Ra2 {[%emt 0:00:09]} g5 {[%emt 0:01:52]} 56. Ke4 {[%emt 0:00:43]} Rf4+ {[%emt 0:00:07]} 57. Ke3 {[%emt 0:00:03]} f6 {[%emt 0:00:05]} 58. Rb2 {[%emt 0:00:11]} Rf1 {[%emt 0:00:28]} 59. Re2 {[%emt 0:00:36]} f5 {[%emt 0:01:30]} 60. Ra2 {[%emt 0:01:21]} g4 {[%emt 0:00:05]} 61. Re2 {[%emt 0:00:31]} f4+ {[%emt 0:00:28]} 62. Ke4 {[%emt 0:00:24]} g3 {[%emt 0:00:03]} 63. hxg3 {[%emt 0:00:18]} fxg3 {[%emt 0:00:02]} 0-1

[Event "Botvinnik Cup 2018"]
[Site "Moscow"]
[Date "2018.08.11"]
[Round "3"]
[White "Lomaia, Diana"]
[Black "Khusnutdinov, Rustam"]
[Result "1/2-1/2"]
[WhiteElo "1851"]
[BlackElo "2470"]
[Annotator "ChessBase"]
[PlyCount "74"]
[EventDate "2018.08.10"]
[EventCountry "RUS"]
[SourceTitle "playchess.com"]
[Source "ChessBase"]
[SourceQuality "1"]
[TimeControl "5400+30"]

1. e4 {[%emt 0:01:12]} c6 {[%emt 0:00:00]} 2. d4 {[%emt 0:00:06]} d5 {[%emt 0:00:00]} 3. e5 {[%emt 0:00:30]} Bf5 {[%emt 0:00:00]} 4. h4 {[%emt 0:02:28]} Qb6 {[%emt 0:00:00]} 5. g4 {[%emt 0:01:11]} Bd7 {[%emt 0:00:00]} 6. c3 {[%emt 0:02:02]} h5 {[%emt 0:02:40]} 7. gxh5 {[%emt 0:02:35]} e6 {[%emt 0:00:05]} 8. Bd3 {[%emt 0:02:10]} c5 {[%emt 0:00:06]} 9. Qg4 {[%emt 0:01:28]} Nc6 {[%emt 0:00:31]} 10. Ne2 {[%emt 0:00:49]} cxd4 {[%emt 0:04:51]} 11. cxd4 {[%emt 0:03:12]} Nh6 {[%emt 0:00:03]} 12. Qf4 {[%emt 0:01:25]} Nb4 {[%emt 0:00:16]} 13. Rh3 {[%emt 0:06:38]} Nxd3+ {[%emt 0:01:05]} 14. Rxd3 {[%emt 0:00:09]} Nf5 {[%emt 0:00:01]} 15. Ng3 {[%emt 0:02:26]} Nxg3 {[%emt 0:03:44]} 16. Rxg3 {[%emt 0:03:06]} Rxh5 {[%emt 0:00:15]} 17. Rg5 {[%emt 0:01:39]} Rh7 {[%emt 0:05:26]} 18. Rg4 {[%emt 0:06:48]} Be7 {[%emt 0:01:25]} 19. Qg3 {[%emt 0:00:55]} O-O-O {[%emt 0:00:34]} 20. Qb3 {[%emt 0:11:40]} Rxh4 {[%emt 0:03:40]} 21. Qxb6 {[%emt 0:01:42]} axb6 {[%emt 0:04:49]} 22. Rxh4 {[%emt 0:09:40]} Bxh4 {[%emt 0:00:12]} 23. Nc3 {[%emt 0:02:54]} f6 {[%emt 0:01:26]} 24. exf6 {[%emt 0:00:41]} gxf6 {[%emt 0:02:51]} 25. Be3 {[%emt 0:00:35]} Rg8 {[%emt 0:05:16]} 26. Ke2 {[%emt 0:00:17]} Bg5 {[%emt 0:08:22]} 27. Rg1 {[%emt 0:01:33]} Rg7 {[%emt 0:00:07]} 28. Bxg5 {[%emt 0:09:32]} fxg5 {[%emt 0:00:06]} 29. Ke3 {[%emt 0:01:28]} Kd8 {[%emt 0:01:11]} 30. Nb1 {[%emt 0:01:36]} Ke7 {[%emt 0:03:57]} 31. Nd2 {[%emt 0:00:07]} Kf6 {[%emt 0:00:50]} 32. Nf3 {[%emt 0:00:14]} Be8 {[%emt 0:00:01]} 33. a3 {[%emt 0:02:14]} Rc7 {[%emt 0:08:46]} 34. Nxg5 {[%emt 0:01:58]} Rc2 {[%emt 0:00:03]} 35. Nh7+ {[%emt 0:00:18]} Kf7 {[%emt 0:00:17]} 36. Ng5+ {[%emt 0:00:48]} Kf6 {[%emt 0:01:47]} 37. Nh7+ {[%emt 0:00:07]} Kf7 {[%emt 0:00:09] Ke4} 1/2-1/2

[Event "Botvinnik Cup 2018"]
[Site "Moscow"]
[Date "2018.08.11"]
[Round "3"]
[White "Chiriac, Daniel"]
[Black "Egin, Vladimir"]
[Result "0-1"]
[WhiteElo "1841"]
[BlackElo "2317"]
[Annotator "NA"]
[PlyCount "70"]
[EventDate "2018.08.10"]
[EventCountry "RUS"]
[SourceTitle "playchess.com"]
[Source "ChessBase"]
[SourceQuality "1"]
[TimeControl "5400+30"]

1. e4 {[%emt 0:00:00]} e5 {[%emt 0:00:00]} 2. Nf3 {[%emt 0:00:00]} Nc6 {[%emt 0:00:00]} 3. d4 {[%emt 0:00:00]} exd4 {[%emt 0:00:00]} 4. Nxd4 {[%emt 0:00:00]} Bc5 {[%emt 0:00:00]} 5. Nxc6 {[%emt 0:00:03]} Qf6 {[%emt 0:00:00]} 6. Qf3 {[%emt 0:00:06]} bxc6 {[%emt 0:00:03]} 7. Nc3 {[%emt 0:00:09]} d6 {[%emt 0:00:51]} 8. Bc4 {[%emt 0:00:49]} Qxf3 {[%emt 0:01:16]} 9. gxf3 {[%emt 0:00:41]} Ne7 {[%emt 0:01:50]} 10. Be3 {[%emt 0:00:13]} Bb6 {[%emt 0:00:28]} 11. O-O-O {[%emt 0:01:43]} Be6 {[%emt 0:00:24]} 12. Bb3 {[%emt 0:01:02]} O-O {[%emt 0:01:23]} 13. f4 {[%emt 0:07:27]} Bxb3 {[%emt 0:06:06]} 14. axb3 {[%emt 0:00:07]} f5 {[%emt 0:00:47]} 15. Bxb6 {[%emt 0:16:14]} axb6 {[%emt 0:05:29]} 16. e5 {[%emt 0:00:03]} dxe5 {[%emt 0:03:02]} 17. fxe5 {[%emt 0:02:42]} Ng6 {[%emt 0:04:49]} 18. Rhe1 {[%emt 0:01:02]} Rae8 {[%emt 0:02:31]} 19. e6 {[%emt 0:03:50]} Rf6 {[%emt 0:01:20]} 20. Rd7 {[%emt 0:00:39]} Rfxe6 {[%emt 0:02:00]} 21. Rxe6 {[%emt 0:00:05]} Rxe6 {[%emt 0:00:05]} 22. Rxc7 {[%emt 0:00:04]} b5 {[%emt 0:00:12]} 23. Kd1 {[%emt 0:02:37]} Nf4 {[%emt 0:01:37]} 24. Kd2 {[%emt 0:01:54]} b4 {[%emt 0:00:52]} 25. Nd1 {[%emt 0:00:59]} Nd5 {[%emt 0:04:56]} 26. Rc8+ {[%emt 0:02:04]} Kf7 {[%emt 0:01:26]} 27. Ne3 {[%emt 0:00:08]} Nxe3 {[%emt 0:00:48]} 28. fxe3 {[%emt 0:00:04]} g5 {[%emt 0:00:25]} 29. Rb8 {[%emt 0:04:01]} Rh6 {[%emt 0:02:06]} 30. Rxb4 {[%emt 0:04:32]} Rxh2+ {[%emt 0:02:11]} 31. Kd1 {[%emt 0:00:05]} g4 {[%emt 0:02:03]} 32. Rf4 {[%emt 0:00:30]} Kg6 {[%emt 0:00:39]} 33. Ke1 {[%emt 0:22:38]} Rxc2 {[%emt 0:01:51]} 34. e4 {[%emt 0:00:35]} g3 {[%emt 0:00:36]} 35. Rf3 {[%emt 0:02:08]} g2 {[%emt 0:00:36]} 0-1

[Event "Botvinnik Cup 2018"]
[Site "Moscow"]
[Date "2018.08.11"]
[Round "3"]
[White "Nurmanova, Alua"]
[Black "Paichadze, Luka"]
[Result "0-1"]
[WhiteElo "1825"]
[BlackElo "2564"]
[Annotator "TA"]
[PlyCount "58"]
[EventDate "2018.08.10"]
[EventCountry "RUS"]
[SourceTitle "playchess.com"]
[Source "ChessBase"]
[SourceQuality "1"]

{[%evp 10,58,68,59,66,44,58,54,57,35,51,-6,35,0,0,0,0,0,24,0,0,-144,-142,-311,-301,-293,-290,-278,-279,-371,-358,-316,-346,-341,-348,-366,-345,-898,-394,-727,-701,-895,-888,-863,-818,-1325,-1311,-3622,-2490,-29987,-29987]} 1. e4 c6 2. d4 d5 3. Nd2 dxe4 4. Nxe4 Nf6 5. Nxf6+ gxf6 6. Qd3 {LiveBook: 60 Games} Qc7 {B16: Caro-Kann: Bronstein-Larsen Variation} (6... Na6 7. Ne2 e5 8. c3 Qe7 9. Ng3 h5 10. Be2 h4 11. Nh5 h3 12. O-O Be6 13. dxe5 fxe5 14. Qg3 f6 {½-½ (44) Solodovnichenko,Y (2574)-Epishin,V (2548) Metz 2014}) 7. g3 $146 ({Predecessor:} 7. Be2 h5 8. h4 Nd7 9. Be3 Bh6 10. O-O-O Qa5 11. Kb1 Bxe3 12. fxe3 Nb6 13. Bf3 Be6 14. b3 {1-0 (49) Hansen,R (2084)-Mansson,L (2184) Copenhagen 2005}) 7... h5 8. Nf3 Bg4 {White is slightly better.} 9. Bg2 Nd7 10. Bd2 (10. h3 $14 Bxf3 11. Qxf3 (11. Bxf3 O-O-O $14)) 10... O-O-O 11. Qb3 e5 12. Qxf7 exd4 {Threatening ...Bxf3.} 13. O-O-O Qd6 14. Bf4 Ne5 {[#] Strongly threatening ...Bh6.} 15. Bxe5 (15. Qb3 $11 {remains equal.} Qc5 16. Kb1) 15... fxe5 $17 16. h3 $2 (16. Qb3 $17) 16... Bh6+ $19 17. Kb1 Rhf8 18. Qb3 Be6 19. Qa4 Bd5 20. Ne1 Bxg2 ({Weaker is} 20... Rxf2 21. Bxd5 Qxd5 22. Nd3 $17) 21. Nxg2 Rxf2 22. Ne1 {If White can now play Nd3 this consolidates a bit.} e4 {[%cal Be5e4,Be4e3][%mdl 32]} 23. c3 $2 {[#]} (23. Qxa7 Qxg3 24. Qa8+ Qb8 25. Qa3) 23... Bd2 (23... Rxb2+ $142 $1 {[%mdl 512]} 24. Ka1 (24. Kxb2 dxc3+) 24... Rb5) 24. Qxa7 $2 (24. cxd4 Qxd4 25. Qxd4 Rxd4 26. Nc2) 24... e3 25. Qa8+ Kc7 26. Qa5+ Kb8 27. Qb4 Qg6+ 28. Ka1 dxc3 {[%cal Bd4c3,Bc3c2][%mdl 32]} 29. Rg1 c2 {Precision: White = 14%, Black = 67%.} 0-1